000 00339nam a22001337a 4500
005 20240705114800.0
008 240705b |||||||| |||| 00| 0 eng d
041 _aeng
100 _aBATRA, DINANATH
_98392
245 _aSHIKSHA JIWAN MULYON KA SRIJAN
260 _aNEW DELHI
_bSHIKSHA SANSKRITI UTTHAN NYAS
300 _a96; P
942 _cBK
999 _c8529
_d8527